00912nam a2200205 a 450000100100000000500170001000800410002702000180006804000250008608200160011110000360012724500710016326000390023430000270027359000260030095201290032695201140045595201200056999900170068900004702320201002053308.0180411s2004 dr a 000 0 spa d a9789945122145 aDO-SdBNPbspacBNPHU axxxxbG216a1 aGarcía V., María Luz97488410aAprendo a escribir con María y Manuel /cMaría Luz García V. aSanto Domingo :bSusaeta,c[s.f.]. a64 p. :bil. ;c29 cm. aInventariado, 2018/LP 001054708DSaGRbGRcHDd2018-04-11iLF1l0oxxxx G216ap47023-30r2020-06-25te. 3w2020-06-25yLFDSZPréstamo en sala 0010718PDaPDbPDcHDd2018-04-11iLF1l0oxxxx G216ap47023-10r2020-06-25w2020-06-25yLFPDZNo se presta 0010718PDaPDbPDcHDd2018-04-11iLF1l0oxxxx G216ap47023-20r2020-06-25te. 2w2020-06-25yLFPDZNo se presta c46511d46511